Danmarks 30. største byer 2013 - Statistics

General Stats
  • This quiz has been taken 3.499 times
  • The average score is 18 of 30
Answer Stats
Hint Answer % Correct
1 København
99%
2 Århus
98%
3 Odense
97%
4 Aalborg
96%
5 Esbjerg
89%
10 Roskilde
84%
9 Vejle
81%
6 Randers
78%
7 Kolding
74%
11 Herning
71%
8 Horsens
71%
14 Silkeborg
65%
21 Slagelse
64%
12 Helsingør
62%
17 Viborg
62%
16 Fredericia
60%
25 Svendborg
59%
23 Sønderborg
58%
18 Køge
56%
15 Næstved
56%
27 Frederikshavn
52%
22 Hillerød
48%
19 Holstebro
46%
29 Haderslev
41%
30 Ringsted
41%
26 Hjørring
37%
24 Holbæk
35%
20 Taastrup
19%
13 Hørsholm
17%
28 Nørre Sundby
17%
No matching quizzes found
Score Distribution
Percent of People with Each Score
Percentile by Number Answered
Your Score History
You have not taken this quiz